LEADER 01048nam a2200217 i 4500 001 000000158307 003 CaOOAMICUS 005 20070205000000.0 008 070205s1881 it u000 u ita u 013 $a135670 040 $aSeMil$bita 100 1 $aLocatelli, Carlo .$0(OLS)http://semarc/name/40586 245 10$a[Memorie della vita e degli scritti del sacerdote Giovanni Riboldi ... raccolte ed ordinate dal sac. Carlo Locatelli]. 260 $aMilano :$bLibreria editrice Ditta Serafino Maiocchi,$c1881. 300 $a94 p. ;$c14 cm. 650 4$aRiboldi, Giovanni .$0(OLS)http://semarc/subject/16907 850 $aSeMil 852 $aSeMil$W1$xVenegono$y1$m5C VII 5/1$j225781$B109958$CSeMilBibl$Z2$F119619 $8I 961 $aRecupero: Altro 996 $6245$a[Memorie della vita e degli scritti del sacerdote Giovanni Riboldi ... raccolte ed ordinate dal sac. Carlo Locatelli]$9(OLS)http://semarc/title/139660 996 $6260$aMilano :$bLibreria editrice Ditta Serafino Maiocchi$9(OLS)http://semarc/publisher/44056 LEADER 00862nam a2200193 i 4500 001 000000045983 003 CaOOAMICUS 005 20090724000000.0 008 090724s1960 xx u000 u lat u 013 $a17153 040 $aSeMil$bita 100 1 $aTromp, Sebastiaan Peter Cornelis .$0(OLS)http://semarc/name/7600 245 13$aDe Christo capite mystici corporis /$cSebastianus Tromp. 300 $aXI, 585 p. ;$c22 cm. 650 4$aEcclesiologia.$0(OLS)http://semarc/subject/42996 773 0 $aTromp, Sebastiaan Peter Cornelis $tCorpus Christi quod est Ecclesia.$dRomae : Apud Aedes Pontificiae Universitatis Gregorianae, 1960.$g2$w()21760 850 $aSeMil 852 $aSeMil$W1$xVenegono$y1$m2A III 130$j12138$B12138$CSeMilBibl$Z2$F12138 $81 996 $6245$aDe Christo capite mystici corporis$9(OLS)http://semarc/title/68580